Wunderhorse - Silver (lyrics) - Statistics

General Stats
  • This quiz has been taken 41 times
  • The average score is 197 of 262
Answer Stats
Answer % Correct
a
100%
I
100%
an
96%
it
93%
know
93%
s-
93%
the
93%
and
89%
And
89%
baby
89%
cry
89%
don't
89%
empty
89%
Empty
89%
me
89%
my
89%
my-
89%
So
89%
so
89%
you
89%
your
89%
Your
89%
deep
86%
hush
86%
in
86%
inside
86%
I've
86%
now
86%
you're
86%
You're
86%
always
82%
just
82%
Just
82%
up
82%
with
82%
With
82%
anger
79%
it's
79%
It's
79%
known
79%
shame
79%
silver
79%
some
79%
all
75%
fill
75%
for
75%
heart
75%
I'll
75%
like
75%
name
75%
of
75%
poison
75%
pretty
75%
before
71%
down
71%
drain
71%
felt
71%
fly
71%
if
71%
knew
71%
nothing
71%
people
71%
secrets
71%
to
71%
wings
71%
broke
68%
hollow
68%
I'm
68%
kept
68%
listen
68%
one
68%
promise
68%
say
68%
somethin'
68%
Somethin'
68%
won't
68%
bluebird
64%
closely
64%
crooked
64%
even
64%
from
64%
much
64%
pour
64%
start
64%
you'll
64%
bastard
61%
cradle
61%
gambler
61%
hunger
61%
only
61%
parts
61%
sing
61%
truth
61%
was
61%
bed
57%
fool
57%
head
57%
meet
57%
perhaps
57%
sell
57%
spill
57%
story
57%
get
54%
off
54%
dark
50%
enjoy
50%
see
50%
show
50%
singin'
50%
soon
50%
very
50%
go
46%
let
46%
own
46%
broken
43%
over
43%
pull
43%
warm
43%
Yeah
43%
worry
39%
ya
39%
rooms
36%
singing
36%
threads
36%
never
32%
will
32%
sorry
29%
These
29%
Ah
7%
No matching quizzes found
Score Distribution
Percent of People with Each Score
Percentile by Number Answered
Your Score History
You have not taken this quiz